Kerala Varma: Makers of Indian Literature (Record no. 101447)
[ view plain ]
| 000 -LEADER | |
|---|---|
| fixed length control field | 00561nam a2200217Ia 4500 |
| 003 - CONTROL NUMBER IDENTIFIER | |
| control field | OSt |
| 005 - DATE AND TIME OF LATEST TRANSACTION | |
| control field | 20240808092627.0 |
| 008 - FIXED-LENGTH DATA ELEMENTS--GENERAL INFORMATION | |
| fixed length control field | 210210b1988 xxu||||| |||| 00| 0 eng d |
| 040 ## - CATALOGING SOURCE | |
| Transcribing agency | AL |
| 041 ## - LANGUAGE CODE | |
| Language code of text/sound track or separate title | English |
| 082 ## - DEWEY DECIMAL CLASSIFICATION NUMBER | |
| Classification number | 809.88914 SAHK |
| 100 ## - MAIN ENTRY--PERSONAL NAME | |
| Personal name | SAHITYA AKADEMI. |
| 9 (RLIN) | 175660 |
| 245 ## - TITLE STATEMENT | |
| Title | Kerala Varma: Makers of Indian Literature |
| 260 ## - PUBLICATION, DISTRIBUTION, ETC. | |
| Place of publication, distribution, etc. | N D |
| Name of publisher, distributor, etc. | Sahitya Akademi |
| Date of publication, distribution, etc. | 1988 |
| 300 ## - PHYSICAL DESCRIPTION | |
| Extent | 106 |
| 650 ## - SUBJECT ADDED ENTRY--TOPICAL TERM | |
| Topical term or geographic name entry element | Kerala Varma |
| 9 (RLIN) | 175661 |
| 690 ## - LOCAL SUBJECT ADDED ENTRY--TOPICAL TERM (OCLC, RLIN) | |
| Topical term or geographic name as entry element | Indian Literature |
| 9 (RLIN) | 175662 |
| 700 ## - ADDED ENTRY--PERSONAL NAME | |
| Personal name | P K Narayana Pillai. |
| 9 (RLIN) | 175663 |
| 906 ## - LOCAL DATA ELEMENT F, LDF (RLIN) | |
| a | 053769 |
| 942 ## - ADDED ENTRY ELEMENTS (KOHA) | |
| Source of classification or shelving scheme | Dewey Decimal Classification |
| Koha item type | Book |
| Withdrawn status | Lost status | Source of classification or shelving scheme | Damaged status | Not for loan | Collection code | Home library | Current library | Shelving location | Date acquired | Cost, normal purchase price | Total Checkouts | Full call number | Barcode | Date last seen | Price effective from | Koha item type |
|---|---|---|---|---|---|---|---|---|---|---|---|---|---|---|---|---|
| Dewey Decimal Classification | English | St Aloysius Library | St Aloysius Library | Secondary stack section | 02/17/2021 | 15.00 | 809.88914 SAHK | 053769 | 02/17/2021 | 02/17/2021 | Book |